Ralph Waldo Emerson.

Kaydedildi:
Detaylı Bibliyografya
Yazar: Miles, Josephine, 1911-
Materyal Türü: Kitap
Dil:English
Baskı/Yayın Bilgisi: Minneapolis, University of Minnesota Press [1964]
Seri Bilgileri:University of Minnesota pamphlets on American writers ; no. 41
Konular:
LEADER 00873nam a22002291 4500
001 c000323670
003 CARM
005 00000000000000.0
008 711228s1964 mnu b 00000 eng
019 1 |a 25917519  |z 648455  |5 LACONCORD2021 
035 |a (OCoLC)272026  |5 LACONCORD2021 
050 0 0 |a PS1631  |b .M55 
100 1 |a Miles, Josephine,  |d 1911- 
245 0 0 |a Ralph Waldo Emerson. 
260 |a Minneapolis,  |b University of Minnesota Press  |c [1964] 
300 |a 48 p.  |c 21 cm. 
490 0 |a University of Minnesota pamphlets on American writers ;  |v no. 41 
504 |a Bibliography: p. 46-48. 
600 1 0 |a Emerson, Ralph Waldo,  |d 1803-1882, 
852 8 |b CARM  |h A1:AL27F0  |i B10347  |p 0461369  |f BK 
999 f f |i 50b7523e-f928-5878-96ab-317133fb42ce  |s f5fad572-fe99-55c4-a4e9-e16da4e68f53 
952 f f |p Can circulate  |a CAVAL  |b CAVAL  |c CAVAL  |d CARM 1 Store  |e B10347  |f A1:AL27F0  |h Other scheme  |i book  |m 0461369